Online
Catalog

Motivos para celebrar : (Record no. 59784)

MARC details
000 -CABECERA
campo de control de longitud fija 03613nam a2200457 i 4500
003 - IDENTIFICADOR DEL NÚMERO DE CONTROL
campo de control DO-SdBNP
005 - FECHA Y HORA DE LA ÚLTIMA TRANSACCIÓN
campo de control 20250813102306.0
007 - CAMPO FIJO DE DESCRIPCIÓN FÍSICA--INFORMACIÓN GENERAL
campo de control de longitud fija ta
008 - DATOS DE LONGITUD FIJA--INFORMACIÓN GENERAL
campo de control de longitud fija 250813b2025 dr o ||| |||| 000 0 spa d
020 ## - NÚMERO INTERNACIONAL ESTÁNDAR DEL LIBRO
Número Internacional Estándar del Libro 9789945292589
040 ## - FUENTE DE LA CATALOGACIÓN
Centro catalogador/agencia de origen DO-SdBNP
Lengua de catalogación spa
Centro/agencia transcriptor BNPHU
Normas de descripción rda
041 ## - CÓDIGO DE LENGUA
Código de lengua del texto/banda sonora o título independiente spa
082 ## - NÚMERO DE LA CLASIFICACIÓN DECIMAL DEWEY
Número de clasificación xxx
Número de documento/Ítem L865
Número de edición 22
100 1# - ENTRADA PRINCIPAL--NOMBRE DE PERSONA
Nombre de persona Lora, Fanny
Término indicativo de función/relación autora
Código de función/relación aut.
9 (RLIN) 30255
245 10 - MENCIÓN DE TÍTULO
Título Motivos para celebrar :
Resto del título guía esencial para eventos en casa y grandes festividades /
Mención de responsabilidad, etc. Fanny Lora ; prólogo, Jaime Sued ; edición, Carmen Rita Malagón, Michelle Del Villar ; fotografías, Alberto Liranzo, Félix Sepúlveda, Gabriel Franco, Guarionex Pichardo, Jenna Pérez y otros
250 ## - MENCIÓN DE EDICIÓN
Mención de edición Primera edición
264 #4 - PRODUCCIÓN, PUBLICACIÓN, DISTRIBUCIÓN, FABRICACIÓN Y COPYRIGHT
Producción, publicación, distribución, fabricación y copyright Santo Domingo :
Nombre del de productor, editor, distribuidor, fabricante [editor no identificado],
Fecha de producción, publicación, distribución, fabricación o copyright ©2025.
300 ## - DESCRIPCIÓN FÍSICA
Extensión 274 Páginas :
Otras características físicas fotografías
Dimensiones 27 cm.
336 ## - TIPO DE CONTENIDO
Término de tipo de contenido texto
Código de tipo de contenido txt
Fuente rdacontent
337 ## - TIPO DE MEDIO
Nombre/término del tipo de medio sin mediación
Código del tipo de medio n
Fuente rdamedia
338 ## - TIPO DE SOPORTE
Nombre/término del tipo de soporte volumen
Código del tipo de soporte nc
Fuente rdacarrier
500 ## - NOTA GENERAL
Nota general Encuadernación en pasta dura o cartoné.
500 ## - NOTA GENERAL
Nota general Consejos e inspiraciones.
505 2# - NOTA DE CONTENIDO CON FORMATO
Información miscelánea Fanny home --
Título Sobre Fanny home --
-- Textiles --
-- Piezas de barro /
Información miscelánea Celebraciones en casa --
Título Motivos para celebrar --
-- Día de las madres --
-- Celebrando a papá --
-- Que los cumplas feliz --
-- Cena para dos --
-- Café compartido --
-- Celebraciones al aire libre --
-- Encuentro entre chicas --
-- Buen anfitrión, buen invitado --
-- Cena de acciòn de gracias --
-- Llegó la navidad /
Información miscelánea Celebraciones en grande --
Título El placer de celebrar --
-- Industrial y romántica --
-- Partimos para la Toscana --
-- Un cuento de hadas --
-- Un jardín para la novia --
-- En la costa Amalfiana --
-- El ramo de la novia --
-- La ceremonia --
-- La pista de baile /
Información miscelánea Procigar --
Título Una aventura compartida --
-- Somos Caribe, somos color 2018 --
-- El barro de mi tierra 2019 --
-- El tròpico en siluetas 2020 --
-- El trópico en matices 2022 --
-- Cenas de gala procigar --
-- Piezas en subasta --
-- Memorias de tabaco /
520 ## - SUMARIO, ETC.
Sumario, etc. Fanny Lora, interiorista, creadora artesanal y visionaria en la organización de eventos, comparte su mundo de formas, texturas y emociones a través de tres pilares fundamentales: el diseño de espacios únicos, la magia de las celebraciones en casa y el esplendor de los grandes eventos.<br/><br/>Desde las piezas de barro moldeadas con sus propias manos hasta textiles que transforman mesas en escenarios vibrantes, "Fanny Home" revela el corazón creativo detrás de cada proyecto. En "Celebraciones en Casa", Fanny invita a los lectores a descubrir el arte de ser un buen anfitrión, con consejos prácticos, recetas deliciosas y detalles que hacen cada encuentro algo memorable.<br/><br/>En "Celebraciones en Grande", su capitulo final, nos muestra cómo la esencia de cada pareja o empresa se convierten en bodas y eventos inolvidables, donde la atención al detalle es clave.
590 ## - NOTA LOCAL (RLIN)
Nota local Inventariado, 2025/ YL
700 1# - PUNTO DE ACCESO ADICIONAL--NOMBRE DE PERSONA
Nombre de persona Sued, Jaime
Término indicativo de función/relación prologuista
Código de función/relación pr.
9 (RLIN) 85685
700 1# - PUNTO DE ACCESO ADICIONAL--NOMBRE DE PERSONA
Nombre de persona , Carmen Rita Malagón
Término indicativo de función/relación edición
Código de función/relación ed.
9 (RLIN) 88490
700 1# - PUNTO DE ACCESO ADICIONAL--NOMBRE DE PERSONA
Nombre de persona , Michelle Del Villar
Término indicativo de función/relación edición
Código de función/relación ed.
9 (RLIN) 88491
700 1# - PUNTO DE ACCESO ADICIONAL--NOMBRE DE PERSONA
Nombre de persona Liranzo, Alberto
Término indicativo de función/relación fotografías
Código de función/relación fot.
9 (RLIN) 88492
700 1# - PUNTO DE ACCESO ADICIONAL--NOMBRE DE PERSONA
Nombre de persona Sepúlveda, Félix
Término indicativo de función/relación fotografías
Código de función/relación fot.
9 (RLIN) 43009
700 1# - PUNTO DE ACCESO ADICIONAL--NOMBRE DE PERSONA
Nombre de persona Franco, Gabriel
Término indicativo de función/relación fotografías
Código de función/relación fot.
9 (RLIN) 88493
700 1# - PUNTO DE ACCESO ADICIONAL--NOMBRE DE PERSONA
Nombre de persona Pichardo, Guarionex
Término indicativo de función/relación fotografías
Código de función/relación fot.
9 (RLIN) 88494
700 1# - PUNTO DE ACCESO ADICIONAL--NOMBRE DE PERSONA
Nombre de persona Pérez, Jenna
Término indicativo de función/relación fotografías
Código de función/relación fot.
9 (RLIN) 88495
700 1# - PUNTO DE ACCESO ADICIONAL--NOMBRE DE PERSONA
Nombre de persona Sánchez, Melody
Término indicativo de función/relación fotografías
Código de función/relación fot.
9 (RLIN) 88496
700 1# - PUNTO DE ACCESO ADICIONAL--NOMBRE DE PERSONA
Nombre de persona Maunier, Michelle
Término indicativo de función/relación fotografías
Código de función/relación fot.
9 (RLIN) 88497
700 1# - PUNTO DE ACCESO ADICIONAL--NOMBRE DE PERSONA
Nombre de persona Wachao, Michy
Término indicativo de función/relación fotografías
Código de función/relación fot.
9 (RLIN) 88498
700 1# - PUNTO DE ACCESO ADICIONAL--NOMBRE DE PERSONA
Nombre de persona Bencosme, Misael
Término indicativo de función/relación fotografías
Código de función/relación fot.
9 (RLIN) 88499
910 ## - DATOS DE OPCIÓN DEL USUARIO (OCLC)
Datos de opción del usuario Ylockward
942 ## - ELEMENTOS DE PUNTO DE ACCESO ADICIONAL (KOHA)
Fuente del sistema de clasificación o colocación Dewey Decimal Classification
Tipo de ítem Koha Libro
Holdings
Estado de retiro Estado de pérdida Fuente del sistema de clasificación o colocación Restricciones de uso No para préstamo Código de colección Localización permanente Ubicación/localización actual Ubicación en estantería Fecha de adquisición Fuente de adquisición Total de préstamos Signatura topográfica completa Código de barras Fecha visto por última vez Precio válido a partir de Tipo de ítem Koha Número de copia
    Dewey Decimal Classification Excluido de préstamo   Patrimonio Dominicano Referencia Biblioteca Nacional Pedro Henríquez Ureña Biblioteca Nacional Pedro Henríquez Ureña En catalogación 06.08.2025 Depósito Legal   BNPHU PD xxx L865 2025-8400 13.08.2025 13.08.2025 Libro  
    Dewey Decimal Classification Excluido de préstamo   Patrimonio Dominicano Referencia Biblioteca Nacional Pedro Henríquez Ureña Biblioteca Nacional Pedro Henríquez Ureña En catalogación 06.08.2025 Depósito Legal   BNPHU PD xxx L865 2025-8401 13.08.2025 13.08.2025 Libro e. 2
    Dewey Decimal Classification Préstamo en sala   Dominicana en Servicio Referencia Biblioteca Nacional Pedro Henríquez Ureña Biblioteca Nacional Pedro Henríquez Ureña En catalogación 06.08.2025 Depósito Legal   BNPHU DS xxx L865 2025-8402 13.08.2025 13.08.2025 Libro e. 3

Powered by Koha